| 000 | 00710nam a2200241 i 4500 | ||
|---|---|---|---|
| 001 | 12900 | ||
| 003 | ES-MaACL | ||
| 005 | 20230906150431.0 | ||
| 007 | t| | ||
| 008 | 971007s1976 sp ||||1| spa d | ||
| 020 | _a84-325-0564-1 | ||
| 080 | _a008.2 | ||
| 100 | 1 |
_aCalvo Hernando, Manuel. _933886 |
|
| 245 | 1 | 3 |
_aLa vida en el año 2000 _b: el futuro perfecto / _cManuel Calvo Hernando. |
| 250 | _a1ª ed. | ||
| 260 |
_aMadrid : _bDoncel, _c1976. |
||
| 300 |
_a203 p. ; _c18 cm. |
||
| 490 | 1 |
_aEl libro de bolsillo Doncel ; _v93 |
|
| 650 | 1 | 4 |
_aCivilización futura. _911094 |
| 830 | 0 |
_aEl libro de bolsillo Doncel ; _v93 _9181392 |
|
| 852 |
_aES-MaACL _jL-20140 _bR.120639 |
||
| 999 |
_c12900 _d12900 |
||